000 00563 a2200181 4500
999 _c7939
_d7939
020 _a0826454100
050 _aHF5695.5 FRA 1998
100 _aFrancis, A
_eauthor
245 _aBusiness mathematics and statistics /
_cAndre Francis.
250 _a5th edition
264 _aLondon:
_bContinuum,
_c1998.
300 _a659p. :
500 _aIncludes index
650 _aBusiness mathematics.
650 _aBusiness mathematics.
_xProblems, exercises, etc.
650 _aCommercial statistics.
_x Problems, exercises, etc.
942 _2lcc
_cBK
_e5th
_h5695.5
_iFRA
_kHF